Dibuja las Fronteras de la América - Estadísticas

Estadísticas generales
  • Esta prueba ha sido intentada 154 veces
  • La puntuación promedio es 36 de 38
Respuestas en el mapa
Las respuestas están codificadas por una escala verde-roja en el mapa de la prueba según el % correcto abajo.
 
Estadísticas de respuestas
Respuesta % Correcto
Brasil - Colombia
99%
Canadá - Estados Unidos
99%
Colombia - Ecuador
99%
México - Estados Unidos
99%
Argentina - Brasil
98%
Argentina - Chile
98%
Argentina - Paraguay
98%
Argentina - Uruguay
98%
Bolivia - Chile
98%
Brasil - Paraguay
98%
Brasil - Perú
98%
Brasil - Venezuela
98%
Colombia - Venezuela
98%
Argentina - Bolivia
97%
Bolivia - Brasil
97%
Brasil - Surinam
97%
Brasil - Uruguay
97%
Bolivia - Perú
96%
Brasil - Guyana
96%
Chile - Perú
96%
Colombia - Perú
96%
Bolivia - Paraguay
95%
Ecuador - Perú
95%
Colombia - Panamá
93%
Guatemala - México
93%
Guyana - Surinam
93%
Guyana - Venezuela
93%
Brasil - Francia
91%
Costa Rica - Panamá
91%
República Dominicana - Haiti
91%
Honduras - El Salvador
90%
Honduras - Nicaragua
90%
Guatemala - El Salvador
89%
Belice - Guatemala
88%
Belice - México
88%
Costa Rica - Nicaragua
88%
Francia - Surinam
86%
Guatemala - Honduras
86%
No se encontraron pruebas coincidentes
Distribución de puntuación
Porcentaje de gente con cada puntuación
Porcentaje por número respondido
Historial de tus puntuaciones
No has intentado esta prueba.